000 01546nam a2200325Ia 4500
003 OSt
005 20201210170218.0
008 191128s1970 mx ad gr 000 0 spa d
020 _a9681800966
040 _aCO-JMCR
_cCO-JMCR
041 0 _aspa
082 0 4 _a658.404 /
_bT238i
_223
100 1 _aTaylor, George A.,
_eautor
_912532
245 1 0 _aIngeniería económica :
_btoma de decisiones económicas /
_cGeorge A. Taylor ; traductor, Agustin Contin S. ; Revisión: Manuel Diaz Rivera
250 _aPrimera edición
260 _aMéxico :
_bEditorial Limusa,
_c1970
300 _a556 páginas :
_bgráficos a blanco y negro ;
_c23 cm.
500 _aIncluye índice alfabético.
504 _aBibliografía: página 503-504.
505 0 _aAlternativas -- Necesidad de una tasa de rendimiento -- Fórmulas y deducciones de la tasa de rendimiento -- Aplicación de las fórmulas de la tasa de rendimiento -- Equivalencias -- Comparaciones de costo y valor anuales -- Análisis de valor actual
520 0 _aEl propósito de esta extraordinaria obra es presentar con claridad y precisión los fundamentos de la toma de decisiones económicas, tanto en la ingeniería como en los negocios.
534 _pManagerial and engineering economy
546 _aTraducido del inglés
650 2 4 _aDecisiones económicas Industria
_912533
650 2 4 _aManejo
_912534
650 2 4 _aModelos matemáticos
_91740
700 1 _aContin S., Agustín,
_etraductor
_912535
700 1 _aDíaz Rivera, Manuel,
_erevisor
_912536
942 _2ddc
_cBK
999 _c5689
_d5689